| 000 | 00664nam a2200205 a 4500 | ||
|---|---|---|---|
| 001 | 000019295 | ||
| 005 | 20200929165956.0 | ||
| 008 | 100601s2008 dr 000 0 spa d | ||
| 020 | _a9789945416121 | ||
| 040 |
_aDO-SdBNP _bspa _cBNPHU |
||
| 082 |
_axxx _bG643 |
||
| 100 | 1 |
_aGonzález Tirado, Rafael _93030 |
|
| 245 | 1 | 0 |
_aPalabras para compartir / _cRafael González Tirado. |
| 260 |
_aSanto Domingo : _bSomos Artes Gráficas, _c2008. |
||
| 300 |
_av. ; _c28 cm. |
||
| 500 | _aIncluye datos biográficos del autor en la solapa de la cubierta | ||
| 500 | _aIncluye notas al pie de las páginas | ||
| 500 | _aLa biblioteca posee el volumén I | ||
| 049 | _aBNPD | ||
| 999 |
_c18813 _d18813 |
||